Personnalités politiques françaises n°1 - Statistiques

Statistiques générales
  • Ce quiz a été pris 14 806 fois
  • Le résultat moyen est 10 sur 20
Statistiques - réponses
Par images Réponse % Correct
Marine Le Pen
98%
Édouard Philippe
90%
Valéry Giscard d'Estaing
85%
Marlène Schiappa
74%
Roselyne Bachelot
72%
Jean-François Copé
61%
François Ruffin
60%
François Asselineau
57%
Martine Aubry
55%
Christine Lagarde
51%
Jean-Pierre Raffarin
48%
Olivier Besancenot
40%
Robert Ménard
38%
Danièle Obono
36%
Noël Mamère
29%
Stéphane Le Foll
29%
Cécile Duflot
27%
Marie-George Buffet
18%
Muriel Pénicaud
16%
Marielle de Sarnez
9%
Aucun quiz correspondant
Distribution des résultats
% des personnes avec chaque résultat
Percentile par nombre de réponses
Votre historique - résultats
Vous n’avez pas pris ce quiz